000 00666nam a2200217 a 4500
001 13432
003 BD-JhCC
005 20230924082338.0
008 171017s2018 bg |||| ||a| 00| 0 ben d
020 _a9847034305760
035 _a(BD-JhCC) 13432
040 _aBD-JhCC
_dBD-JhCC
041 _abengali
082 _bGRI 2018
_a891.4435
245 _aগ্রিম ভাইদের রূপকথা /
_cপ্রচ্ছদ: রাজিব রায়।
260 _aঢাকা:
_bমাটিগন্ধা;
_c2018.
300 _a176 p. :
_c24 cm.
651 _aBengali short stories
700 _aরায়,রাজিব
942 _2ddc
_cBK
999 _c13432
_d13432